Enciclopedia delle matematiche elementari e complementi : con estensione alle principali teorie analitiche e geometriche loro applicazioni e notizie storico-bibliografiche. Volume II, parte II /

Guardado en:
Autor Principal: Berzolari, L.
Formato: Libro
Idioma:Italian
Publicado: Milano : Ulrico Hoepli, 1938.
Etiquetas: Agregar Etiqueta
Sin Etiquetas, Sea el primero en etiquetar este registro!
LEADER 00649nam a22001455a 4500
001 MAT.inmabb001652
008 031125s1938####it############000#0#ita#d
005 20170817152741.0
245 1 0 |a Enciclopedia delle matematiche elementari e complementi :  |b con estensione alle principali teorie analitiche e geometriche loro applicazioni e notizie storico-bibliografiche.  |n Volume II, parte II /  |c A cura di L. Berzolari, G. Vivanti e D. Gigli. 
260 |a Milano :  |b Ulrico Hoepli,  |c 1938. 
300 |a xi, 572 p. ;  |c 25 cm. 
100 1 |a Berzolari, L. 
084 |a 00A20  |2 msc2000 
010 |a  34035033  
859 |h 00A20  |i B553  |p A-2081  |v 2B  |3 Vol. II, parte II  |b BIB. MATEMATICA